000 00624nam a2200229Ia 4500
003 OSt
005 20220926042226.0
006 a|||||r|||| 00| 0
007 ta
008 220923b |||||||| |||| 00| 0 eng d
037 _cGeneral Book
040 _aRTL
_cRTL
_beng
041 _2eng
_aeng
082 _aUf235, K0;1
110 _aIndia exerma; Affaors (Ministry of-)
_9345948
245 0 _aAtlas of the Northern Frontier of India
260 _c1960
650 _aGeography
700 _aIndia exerma; Affaors (Ministry of-)
_9345949
942 _hUf235, K0;1
_cGB
_2CC
999 _c669144
_d669144